01100nam a2200169Ia 4500008004100000020001500041050001700056100004300073245010500116260007800221300002700299490003700326500008200363505040000445650004100845650004400886120625s19902008mx 000 0 esp d a968120441714aLA421.4bG651 aGonzalbo Aizpuru, Pilar, 1935-eautora10aHistoria de la educación en la época colonial b: El mundo indígena c/ Pilar Gonzalbo Aizpuru aMéxico b: Colegio de Méxicob: Centro de Estudios Históricosc1990 a274 páginasc; 22 cm aSerie historia de la educación aIncluye: Bibliografía (pp. 247 - 264) Índice onomástico (pp. 265 - 274)1 aMundo indígena Sistema colonial Sumisión y trabajo Comunicación Segregación Misión docente de la Iglesia novohispana Los estudios para indios en el colegio de Tlatelolco Analfabetos y letrados Nuevos colegios para caciques La educación lejos de los centros urbanos Una presencia indeseada: Los mestizos en La Nueva España La educación sin escuelas Educación y orden colonial10aHISTORIA DE LA EDUCACIÓNzMÉXICO20aEDUCACIÓNxÉPOCA COLONIALzMÉXICO